| 000 | 01330 a2200277 4500 | ||
|---|---|---|---|
| 005 | 2008082200440.0 | ||
| 008 | 080908t xxu||||| |||| 00| e eng d | ||
| 010 | _aHIN-84018 | ||
| 020 | _c100.00 | ||
| 035 | _aHN-56364 | ||
| 037 | _aDBAD / PUB | ||
| 040 |
_aDPL _bHN |
||
| 082 | _a828 | ||
| 100 | _aचतुर्वेदी, निर्मल कुमार | ||
| 245 |
_aहार मत मानो / _cनिर्मल कुमार चतुर्वेदी |
||
| 246 |
_ahaara mata maano _bby Nirmal Kumar Chaturvedi |
||
| 260 |
_aइलाहाबाद _bनिखिल प्रकाशन _c2007 |
||
| 270 |
_a159, एच.आई.जी. प्रीतम नगर _bइलाहाबाद _k0532 2233608, 2233609 |
||
| 300 |
_a199पृ _c22 सेमी (अजिल्द) |
||
| 650 | _aहिन्दी निबंध | ||
| 650 | _aHindi essays | ||
| 650 |
_aहिन्दी साहित्य _xइतिहास एवं समालोचना _y21वीं सदी |
||
| 650 |
_aHindi liteature _xHistory and criticism _y21st century |
||
| 942 |
_adpl _cHN _2ddc _h828 _mचतुर्वे |
||
| 999 |
_c14972 _d14972 |
||